[Event "POL-chT DMP Ekstraliga 2019"]
[Site "Katowice"]
[Date "2019.08.28"]
[Round "1.29"]
[White "Butkiewicz, Lukasz"]
[Black "Szustakowski, Antoni"]
[Result "0-1"]
[WhiteElo "2436"]
[BlackElo "2256"]
[Annotator "TA"]
[PlyCount "68"]
[EventDate "2019.08.28"]
[EventType "team-tourn"]
[EventCountry "POL"]
[SourceTitle "playchess.com"]
[Source "ChessBase"]
[SourceQuality "1"]

{[%evp 9,116,10,17,14,17,-18,0,13,20,25,22,21,11,11,4,0,10,4,13,6,0,0,9,0,13,0,70,0,0,0,0,-77,-75,-56,-74,-76,-106,-143,-135,-157,-134,-158,-155,-185,-183,-181,-189,-241,-247,-263,-220,-269,-269,-254,-220,-204,-235,-254,-208,-228,-201,-191,-167,-175,-168,-232,-222,-214,-86,-116,-98,-156,-166,-166,-163,-151,-150,-206,-194,-194,-195,-241,-241,-240,-201,-266,-275,-368,-332,-368,-361,-341,-296,-618,-597,-29988,-29989,-29988,-29989,-29993,-6703,-29994,-4960,-29984,-29985,-29985,-29986,-29986,-29987]} 1. d4 d5 2. c4 dxc4 3. e3 c5 4. Bxc4 cxd4 5. Nf3 Qc7 6. Bb3 {D21: Queen's Gambit Accepted: 3 Nf3 sidelines} e6 7. Nxd4 $146 ({Predecessor:} 7. O-O Nf6 8. exd4 Be7 9. Nc3 Nc6 10. Bg5 O-O 11. Rc1 Rd8 12. Qe2 h6 13. Be3 a6 14. Rfd1 Bd6 15. h3 Qe7 16. a3 Bd7 17. Ne5 Rac8 18. Nxd7 Rxd7 19. d5 exd5 20. Nxd5 Nxd5 21. Rxd5 {0-1 (70) Gupta,A (2632)-Nigalidze,G (2536) Al Ain 2014}) 7... Bd7 8. Nc3 {The position is equal.} a6 9. e4 Nc6 10. Be3 Nf6 11. Rc1 Bb4 12. f3 Bd6 13. g3 O-O 14. Qe2 Be5 15. Nxc6 Bxc6 16. O-O h5 17. Na4 {Hoping for f4.} h4 ({Black should play} 17... Rad8 $11) 18. g4 ({Better is} 18. f4 $14) 18... Bf4 $11 19. Nc5 Bb5 20. Nd3 (20. Qd2 $11 {remains equal.} Bxe3+ 21. Qxe3) 20... Bxd3 $1 $17 21. Qxd3 Bxh2+ 22. Kh1 {[#]} Qb8 $1 $36 {[%mdl 2048] White is under strong pressure.} 23. Bb6 Bf4 24. Rc2 Rc8 25. Rd1 Qe5 26. Re2 Qg5 27. Qd4 Qb5 28. Rc2 (28. Qf2 {is a better defense.}) 28... Rxc2 $19 29. Bxc2 Be5 ({But not} 29... Qe2 30. Qf2 $17) 30. Qf2 Qxb2 31. Bb3 Qc3 32. Be3 Bg3 33. Qe2 Qc7 34. Qc4 Qe7 {Played: Qc7-e5} 0-1

[Event "POL-chT DMP Ekstraliga 2019"]
[Site "Katowice"]
[Date "2019.08.28"]
[Round "1.30"]
[White "Antolak, Julia"]
[Black "Bartel, Marta"]
[Result "1-0"]
[WhiteElo "2240"]
[BlackElo "2244"]
[Annotator "NA"]
[PlyCount "71"]
[EventDate "2019.08.28"]
[EventType "team-tourn"]
[EventCountry "POL"]
[SourceTitle "playchess.com"]
[Source "ChessBase"]
[SourceQuality "1"]
[TimeControl "40/5400+30:1800+30"]

1. e4 {[%emt 0:00:00]} c5 {[%emt 0:00:00]} 2. Nf3 {[%emt 0:00:00]} d6 {[%emt 0:00:00]} 3. d4 {[%emt 0:00:00]} cxd4 {[%emt 0:00:05]} 4. Nxd4 {[%emt 0:00:03]} Nf6 {[%emt 0:00:06]} 5. Nc3 {[%emt 0:00:07]} Nc6 {[%emt 0:00:07]} 6. Bg5 {[%emt 0:00:43]} Bd7 {[%emt 0:00:16]} 7. Qd2 {[%emt 0:01:39]} h6 {[%emt 0:00:08]} 8. Bxf6 {[%emt 0:04:27]} gxf6 {[%emt 0:00:06]} 9. O-O-O {[%emt 0:01:39]} Nxd4 {[%emt 0:00:09]} 10. Qxd4 {[%emt 0:00:06]} Qa5 {[%emt 0:00:05]} 11. Bc4 {[%emt 0:11:01]} Rc8 {[%emt 0:04:22]} 12. Bb3 {[%emt 0:03:50]} Qc5 {[%emt 0:02:37]} 13. Qd2 {[%emt 0:06:42]} h5 {[%emt 0:06:38]} 14. f4 {[%emt 0:04:16]} Bg7 {[%emt 0:25:04]} 15. Kb1 {[%emt 0:08:48]} b5 {[%emt 0:08:58]} 16. a4 {[%emt 0:07:48]} bxa4 {[%emt 0:07:03]} 17. Nxa4 {[%emt 0:00:48]} Qc7 {[%emt 0:01:35]} 18. f5 {[%emt 0:09:01]} Bh6 {[%emt 0:16:16]} 19. Qd5 {[%emt 0:04:36]} Rh7 {[%emt 0:01:16]} 20. g3 {[%emt 0:01:36]} Kf8 {[%emt 0:09:29]} 21. Nc3 {[%emt 0:06:00]} Be3 {[%emt 0:07:31]} 22. Qd3 {[%emt 0:03:35]} Bc5 {[%emt 0:00:40]} 23. g4 {[%emt 0:00:19]} hxg4 {[%emt 0:01:37]} 24. Qg3 {[%emt 0:01:03]} Rb8 {[%emt 0:06:52]} 25. Nd5 {[%emt 0:04:23]} Qd8 {[%emt 0:00:34]} 26. h3 {[%emt 0:04:20]} e6 {[%emt 0:00:42]} 27. hxg4 {[%emt 0:01:31]} Rg7 {[%emt 0:00:25]} 28. Rh8+ {[%emt 0:02:25]} Rg8 {[%emt 0:00:05]} 29. Rxg8+ {[%emt 0:00:38]} Kxg8 {[%emt 0:00:01]} 30. Nf4 {[%emt 0:00:26]} Kf8 {[%emt 0:01:30]} 31. Rh1 {[%emt 0:04:54]} Qb6 {[%emt 0:00:27]} 32. fxe6 {[%emt 0:00:53]} Bxe6 {[%emt 0:00:16]} 33. Nxe6+ {[%emt 0:01:21]} fxe6 {[%emt 0:00:01]} 34. Qh4 {[%emt 0:00:35]} Ke7 {[%emt 0:01:03]} 35. Qh7+ {[%emt 0:00:07]} Kd8 {[%emt 0:00:05]} 36. Qf7 {[%emt 0:00:18]} 1-0

[Event "POL-chT DMP Ekstraliga 2019"]
[Site "Katowice"]
[Date "2019.08.29"]
[Round "2.1"]
[White "Mista, Aleksander"]
[Black "Heberla, Bartlomiej"]
[Result "1/2-1/2"]
[WhiteElo "2599"]
[BlackElo "2552"]
[Annotator "ChessBase"]
[PlyCount "119"]
[EventDate "2019.08.28"]
[EventType "team-tourn"]
[EventCountry "POL"]
[SourceTitle "playchess.com"]
[Source "ChessBase"]
[SourceQuality "1"]
[TimeControl "40/5400+30:1800+30"]

1. e4 {[%emt 0:00:00]} e5 {[%emt 0:00:00]} 2. Nf3 {[%emt 0:00:00]} Nf6 {[%emt 0:00:03]} 3. Nxe5 {[%emt 0:00:00]} d6 {[%emt 0:00:05]} 4. Nf3 {[%emt 0:00:00]} Nxe4 {[%emt 0:00:03]} 5. d4 {[%emt 0:00:00]} d5 {[%emt 0:00:07]} 6. Bd3 {[%emt 0:00:00]} Bd6 {[%emt 0:00:12]} 7. O-O {[%emt 0:00:01]} O-O {[%emt 0:00:05]} 8. c4 {[%emt 0:00:03]} c6 {[%emt 0:00:04]} 9. cxd5 {[%emt 0:00:11]} cxd5 {[%emt 0:00:06]} 10. Nc3 {[%emt 0:00:02]} Re8 {[%emt 0:00:44]} 11. Re1 {[%emt 0:00:11]} Nxc3 {[%emt 0:00:08]} 12. Rxe8+ {[%emt 0:00:08]} Qxe8 {[%emt 0:00:10]} 13. bxc3 {[%emt 0:00:02]} Nd7 {[%emt 0:05:53]} 14. Qb3 {[%emt 0:01:53]} Nb6 {[%emt 0:05:01]} 15. Ba3 {[%emt 0:03:53]} Bxa3 {[%emt 0:00:02]} 16. Qxa3 {[%emt 0:00:06]} Be6 {[%emt 0:00:06]} 17. Re1 Qd8 {[%emt 0:25:28]} 18. h4 {[%emt 0:16:50]} h6 {[%emt 0:01:28]} 19. Bb1 {[%emt 0:04:04]} Nc4 {[%emt 0:05:00]} 20. Qb3 {[%emt 0:01:24]} Nd6 {[%emt 0:01:13]} 21. Qc2 {[%emt 0:23:23]} Bf5 {[%emt 0:07:33]} 22. Qb3 {[%emt 0:00:30]} Be6 {[%emt 0:10:04]} 23. Qc2 {[%emt 0:00:12]} Bf5 {[%emt 0:02:53]} 24. Qb3 {[%emt 0:00:22]} Bxb1 {[%emt 0:01:44]} 25. Rxb1 {[%emt 0:00:22]} Qa5 {[%emt 0:00:10]} 26. Re1 {[%emt 0:04:30]} Rc8 {[%emt 0:04:37]} 27. Re3 {[%emt 0:13:58]} Qb5 {[%emt 0:09:12]} 28. Qc2 {[%emt 0:03:25]} Qc4 {[%emt 0:07:51]} 29. Qb1 {[%emt 0:05:37]} Qb5 {[%emt 0:00:56]} 30. Qc2 {[%emt 0:02:38]} Ne4 {[%emt 0:05:59]} 31. Nd2 {[%emt 0:05:17]} Nxd2 {[%emt 0:00:32]} 32. Qxd2 {[%emt 0:00:03]} Re8 {[%emt 0:00:11]} 33. Rxe8+ {[%emt 0:03:43]} Qxe8 {[%emt 0:00:01]} 34. Qf4 {[%emt 0:01:08]} a6 {[%emt 0:05:38]} 35. Kh2 {[%emt 0:00:31]} Qc6 {[%emt 0:00:15]} 36. Qe5 {[%emt 0:01:21]} Qd7 {[%emt 0:02:07]} 37. f3 {[%emt 0:01:49]} f6 {[%emt 0:00:06]} 38. Qb8+ {[%emt 0:00:04]} Kf7 {[%emt 0:00:09]} 39. h5 {[%emt 0:01:26]} Ke7 {[%emt 0:02:51]} 40. Kg1 {[%emt 0:00:00]} Kf7 {[%emt 0:00:00]} 41. Kf2 {[%emt 0:06:28]} Qc6 {[%emt 0:03:17]} 42. Kg3 {[%emt 0:02:38]} b5 {[%emt 0:01:01]} 43. Qa7+ {[%emt 0:03:05]} Kg8 {[%emt 0:00:55]} 44. Qc5 {[%emt 0:00:28]} Qe6 {[%emt 0:00:47]} 45. Kf4 {[%emt 0:02:15]} Kh7 {[%emt 0:05:12]} 46. g4 {[%emt 0:00:15]} g5+ {[%emt 0:09:16]} 47. hxg6+ {[%emt 0:00:04]} Kxg6 {[%emt 0:00:03]} 48. Qf8 {[%emt 0:00:41]} Kh7 {[%emt 0:00:18]} 49. a3 {[%emt 0:02:12]} Kg6 {[%emt 0:04:33]} 50. Qh8 {[%emt 0:00:51]} Qd6+ {[%emt 0:05:30]} 51. Ke3 {[%emt 0:00:04]} Qe6+ {[%emt 0:00:10]} 52. Kf2 {[%emt 0:05:21]} f5 {[%emt 0:00:08]} 53. gxf5+ {[%emt 0:00:32]} Kxf5 {[%emt 0:02:05]} 54. Qg7 {[%emt 0:01:08]} h5 {[%emt 0:01:07]} 55. Qh8 {[%emt 0:04:38]} Kg6 {[%emt 0:00:35]} 56. f4 {[%emt 0:01:53]} Qf5 {[%emt 0:02:08]} 57. Qg8+ {[%emt 0:02:05]} Kh6 {[%emt 0:00:21]} 58. Qh8+ {[%emt 0:00:06]} Kg6 {[%emt 0:00:04]} 59. Qg8+ {[%emt 0:00:41]} Kh6 {[%emt 0:00:02]} 60. Qh8+ {[%emt 0:00:06]} 1/2-1/2

[Event "POL-chT DMP Ekstraliga 2019"]
[Site "Katowice"]
[Date "2019.08.29"]
[Round "2.2"]
[White "Maksimenko, Andrei"]
[Black "Moranda, Wojciech"]
[Result "1/2-1/2"]
[WhiteElo "2468"]
[BlackElo "2597"]
[Annotator "ChessBase"]
[PlyCount "43"]
[EventDate "2019.08.28"]
[EventType "team-tourn"]
[EventCountry "POL"]
[SourceTitle "playchess.com"]
[Source "ChessBase"]
[SourceQuality "1"]
[TimeControl "40/5400+30:1800+30"]

1. d4 {[%emt 0:00:00]} Nf6 {[%emt 0:00:00]} 2. Nf3 {[%emt 0:00:02]} e6 {[%emt 0:00:00]} 3. g3 {[%emt 0:00:17]} d5 {[%emt 0:00:32]} 4. Bg2 {[%emt 0:00:27]} b5 {[%emt 0:00:52]} 5. O-O {[%emt 0:00:21]} Nbd7 {[%emt 0:00:32]} 6. a4 {[%emt 0:02:44]} b4 {[%emt 0:01:12]} 7. c3 {[%emt 0:01:58]} Ba6 {[%emt 0:18:04]} 8. Bf4 c5 {[%emt 0:16:36]} 9. cxb4 {[%emt 0:24:35]} cxb4 {[%emt 0:00:27]} 10. Nbd2 {[%emt 0:00:07]} Rc8 {[%emt 0:02:40]} 11. Re1 {[%emt 0:06:51]} Be7 {[%emt 0:04:34]} 12. Ne5 {[%emt 0:09:01]} O-O {[%emt 0:08:47]} 13. Nxd7 {[%emt 0:05:19]} Nxd7 {[%emt 0:13:59]} 14. e4 {[%emt 0:11:31]} Nf6 {[%emt 0:04:02]} 15. Be5 {[%emt 0:07:06]} Bd3 {[%emt 0:06:48]} 16. Bxf6 {[%emt 0:07:05]} Bxf6 {[%emt 0:00:25]} 17. e5 {[%emt 0:11:06]} Be7 {[%emt 0:00:40]} 18. Qf3 {[%emt 0:01:52]} Bg6 {[%emt 0:02:14]} 19. Rec1 {[%emt 0:00:51]} Bg5 {[%emt 0:06:38]} 20. Qd1 {[%emt 0:00:58]} Qb6 {[%emt 0:03:06]} 21. h4 {[%emt 0:01:30]} Be7 {[%emt 0:01:34]} 22. Nb3 {[%emt 0:01:04]} 1/2-1/2

[Event "POL-chT DMP Ekstraliga 2019"]
[Site "Katowice"]
[Date "2019.08.29"]
[Round "2.3"]
[White "Dziuba, Marcin"]
[Black "Piesik, Piotr"]
[Result "1-0"]
[WhiteElo "2568"]
[BlackElo "2409"]
[Annotator "ChessBase"]
[PlyCount "123"]
[EventDate "2019.08.28"]
[EventType "team-tourn"]
[EventCountry "POL"]
[SourceTitle "playchess.com"]
[Source "ChessBase"]
[SourceQuality "1"]
[TimeControl "40/5400+30:1800+30"]

1. d4 {[%emt 0:00:00]} Nf6 {[%emt 0:07:34]} 2. Bf4 {[%emt 0:00:38]} e6 {[%emt 0:01:27]} 3. e3 b6 {[%emt 0:00:22]} 4. Nf3 {[%emt 0:02:53]} Bb7 {[%emt 0:04:39]} 5. h3 {[%emt 0:03:31]} Be7 {[%emt 0:17:56]} 6. Bd3 {[%emt 0:06:02]} Ne4 {[%emt 0:03:22]} 7. Nbd2 f5 {[%emt 0:06:51]} 8. Qe2 {[%emt 0:09:19]} d6 {[%emt 0:06:09]} 9. Rg1 Nd7 10. g4 {[%emt 0:08:09]} O-O {[%emt 0:01:44]} 11. O-O-O Kh8 {[%emt 0:05:15]} 12. gxf5 {[%emt 0:20:02]} exf5 {[%emt 0:00:25]} 13. Bxe4 {[%emt 0:00:00]} fxe4 {[%emt 0:01:53]} 14. Ng5 {[%emt 0:00:00]} Bxg5 {[%emt 0:04:10]} 15. Rxg5 {[%emt 0:01:11]} Nf6 {[%emt 0:00:00]} 16. Rdg1 {[%emt 0:02:52]} Rf7 {[%emt 0:05:59]} 17. c4 {[%emt 0:04:15]} Qe7 {[%emt 0:05:19]} 18. h4 g6 {[%emt 0:01:13]} 19. c5 {[%emt 0:08:44]} bxc5 {[%emt 0:02:17]} 20. dxc5 {[%emt 0:04:23]} Nh5 21. Bh2 {[%emt 0:00:49]} Raf8 {[%emt 0:01:05]} 22. R1g2 {[%emt 0:05:34]} Rf5 {[%emt 0:06:04]} 23. Qc4 {[%emt 0:01:10]} Bd5 24. Qd4+ Kg8 {[%emt 0:01:12]} 25. cxd6 {[%emt 0:01:49]} cxd6 {[%emt 0:00:09]} 26. Nb1 {[%emt 0:00:41]} Rxg5 {[%emt 0:04:19]} 27. Rxg5 {[%emt 0:01:50]} Bb7 28. Bxd6 {[%emt 0:03:00]} Rc8+ {[%emt 0:00:51]} 29. Rc5 Qe6 {[%emt 0:03:39]} 30. Rxc8+ {[%emt 0:01:47]} Qxc8+ {[%emt 0:00:43]} 31. Nc3 {[%emt 0:00:13]} a6 {[%emt 0:00:08]} 32. Be5 Kf7 {[%emt 0:01:29]} 33. Kd2 {[%emt 0:07:47]} Qc6 {[%emt 0:01:33]} 34. Na4 Ke6 {[%emt 0:00:04]} 35. Nc5+ {[%emt 0:06:51]} Kf5 {[%emt 0:01:01]} 36. Bd6 {[%emt 0:03:24]} Kg4 {[%emt 0:03:18]} 37. Be7 {[%emt 0:00:55]} a5 {[%emt 0:02:31]} 38. a4 {[%emt 0:00:02]} Kf3 {[%emt 0:00:30]} 39. Ke1 {[%emt 0:00:30]} Bc8 {[%emt 0:00:30]} 40. Qd1+ {[%emt 0:00:30]} Kg2 {[%emt 0:00:30]} 41. Qd2 Bf5 42. Qxa5 {[%emt 0:26:47]} Qd5 {[%emt 0:10:01]} 43. Qd2 {[%emt 0:00:05]} Qa2 {[%emt 0:00:49]} 44. f3+ {[%emt 0:01:05]} Kh3 {[%emt 0:10:39]} 45. fxe4 {[%emt 0:04:04]} Bg4 {[%emt 0:03:59]} 46. Qc1 {[%emt 0:00:11]} Ng3 {[%emt 0:02:27]} 47. Bd6 {[%emt 0:01:42]} Ne2 {[%emt 0:03:04]} 48. Qc2 {[%emt 0:00:01]} Kxh4 {[%emt 0:00:26]} 49. Kd2 {[%emt 0:00:16]} Qa1 {[%emt 0:01:07]} 50. e5 {[%emt 0:00:44]} Ng1 {[%emt 0:01:54]} 51. Kc3 {[%emt 0:00:53]} Qe1+ {[%emt 0:00:38]} 52. Kc4 {[%emt 0:00:36]} Qxe3 {[%emt 0:00:36]} 53. Kb5 {[%emt 0:00:26]} Nf3 {[%emt 0:00:18]} 54. Kb6 {[%emt 0:00:19]} Kh3 {[%emt 0:02:32]} 55. Qc3 {[%emt 0:00:26]} Qe2 {[%emt 0:02:02]} 56. a5 {[%emt 0:00:14]} Kg2 {[%emt 0:00:33]} 57. a6 {[%emt 0:00:13]} Nd2 {[%emt 0:00:06]} 58. a7 {[%emt 0:00:30]} Bf3 {[%emt 0:00:04]} 59. Kc7 {[%emt 0:00:40]} Nb1 {[%emt 0:01:24]} 60. Qd3 {[%emt 0:00:17]} Qxb2 {[%emt 0:00:16]} 61. Qxf3+ {[%emt 0:00:08]} Kxf3 {[%emt 0:00:07]} 62. a8=Q+ {[%emt 0:00:06]} 1-0

[Event "POL-chT DMP Ekstraliga 2019"]
[Site "Katowice"]
[Date "2019.08.29"]
[Round "2.4"]
[White "Simantsev, Mikhail"]
[Black "Michalik, Peter"]
[Result "0-1"]
[WhiteElo "2346"]
[BlackElo "2573"]
[Annotator "ChessBase"]
[PlyCount "70"]
[EventDate "2019.08.28"]
[EventType "team-tourn"]
[EventCountry "POL"]
[SourceTitle "playchess.com"]
[Source "ChessBase"]
[SourceQuality "1"]
[TimeControl "40/5400+30:1800+30"]

1. d4 {[%emt 0:00:00]} Nf6 2. c4 e6 {[%emt 0:00:00]} 3. Nf3 {[%emt 0:00:52]} d5 {[%emt 0:00:00]} 4. Nc3 {[%emt 0:00:57]} Be7 {[%emt 0:00:12]} 5. Bf4 {[%emt 0:00:27]} O-O {[%emt 0:00:09]} 6. e3 {[%emt 0:00:06]} b6 {[%emt 0:00:05]} 7. cxd5 {[%emt 0:06:00]} Nxd5 {[%emt 0:01:03]} 8. Nxd5 Qxd5 {[%emt 0:00:06]} 9. Bd3 {[%emt 0:03:10]} Qa5+ {[%emt 0:00:14]} 10. Nd2 {[%emt 0:04:18]} Ba6 {[%emt 0:07:26]} 11. Bxa6 {[%emt 0:01:42]} Qxa6 {[%emt 0:09:53]} 12. Qe2 {[%emt 0:14:50]} Rc8 13. a3 Qxe2+ {[%emt 0:20:17]} 14. Kxe2 {[%emt 0:11:35]} Nd7 {[%emt 0:00:04]} 15. Rac1 {[%emt 0:09:43]} c5 {[%emt 0:02:53]} 16. dxc5 {[%emt 0:00:01]} Nxc5 {[%emt 0:00:14]} 17. Be5 {[%emt 0:01:06]} f6 {[%emt 0:11:33]} 18. Bd4 {[%emt 0:00:50]} Nd7 {[%emt 0:06:46]} 19. f4 {[%emt 0:05:45]} Kf7 {[%emt 0:04:43]} 20. Nb3 {[%emt 0:09:18]} e5 21. fxe5 {[%emt 0:00:02]} fxe5 {[%emt 0:00:36]} 22. Bc3 Ke6 23. Bd2 {[%emt 0:04:55]} Bd6 {[%emt 0:02:53]} 24. h3 {[%emt 0:13:25]} Nf6 {[%emt 0:07:22]} 25. Rxc8 Rxc8 {[%emt 0:00:05]} 26. Rc1 {[%emt 0:01:43]} Rxc1 27. Bxc1 {[%emt 0:02:33]} Kd5 {[%emt 0:02:13]} 28. Kd3 {[%emt 0:02:44]} e4+ {[%emt 0:01:46]} 29. Kc2 {[%emt 0:00:50]} Nh5 30. Nd4 {[%emt 0:06:32]} Nf4 {[%emt 0:02:14]} 31. Nf5 {[%emt 0:00:30]} Nxg2 {[%emt 0:00:30]} 32. Nxg7 {[%emt 0:00:30]} Bc5 {[%emt 0:03:00]} 33. Ne8 Ke5 {[%emt 0:00:07]} 34. b4 {[%emt 0:01:55]} Bxe3 {[%emt 0:00:08]} 35. Bb2+ {[%emt 0:00:37]} Bd4 0-1

[Event "POL-chT DMP Ekstraliga 2019"]
[Site "Katowice"]
[Date "2019.08.29"]
[Round "2.5"]
[White "Plat, Vojtech"]
[Black "Szustakowski, Antoni"]
[Result "1-0"]
[WhiteElo "2561"]
[BlackElo "2256"]
[Annotator "ChessBase"]
[PlyCount "117"]
[EventDate "2019.08.28"]
[EventType "team-tourn"]
[EventCountry "POL"]
[SourceTitle "playchess.com"]
[Source "ChessBase"]
[SourceQuality "1"]
[TimeControl "40/5400+30:1800+30"]

1. d4 d5 {[%emt 0:00:00]} 2. c4 {[%emt 0:11:09]} e6 {[%emt 0:00:00]} 3. Nc3 {[%emt 0:01:04]} c6 {[%emt 0:00:00]} 4. Nf3 {[%emt 0:00:30]} dxc4 {[%emt 0:00:10]} 5. a4 {[%emt 0:00:04]} Bb4 {[%emt 0:00:00]} 6. e3 {[%emt 0:01:20]} b5 {[%emt 0:00:17]} 7. Bd2 {[%emt 0:00:23]} a5 8. axb5 {[%emt 0:00:13]} Bxc3 {[%emt 0:00:26]} 9. Bxc3 {[%emt 0:00:19]} cxb5 {[%emt 0:00:07]} 10. b3 {[%emt 0:01:58]} Bb7 {[%emt 0:00:00]} 11. bxc4 {[%emt 0:00:30]} b4 {[%emt 0:00:19]} 12. Bb2 {[%emt 0:00:49]} Nf6 {[%emt 0:00:12]} 13. Bd3 {[%emt 0:00:30]} O-O {[%emt 0:00:20]} 14. O-O {[%emt 0:00:00]} Nbd7 {[%emt 0:00:38]} 15. Nd2 {[%emt 0:12:55]} Re8 {[%emt 0:13:20]} 16. Bc2 {[%emt 0:00:18]} e5 {[%emt 0:00:30]} 17. d5 {[%emt 0:00:30]} Qe7 {[%emt 0:12:59]} 18. Ba4 {[%emt 0:08:26]} Rec8 {[%emt 0:14:16]} 19. Bb5 {[%emt 0:09:15]} Nc5 20. Ra2 {[%emt 0:01:12]} Nd3 {[%emt 0:09:59]} 21. Ba1 {[%emt 0:00:30]} Nc5 {[%emt 0:00:04]} 22. Qb1 {[%emt 0:11:30]} Ne8 {[%emt 0:14:56]} 23. Ba4 {[%emt 0:00:30]} Nxa4 {[%emt 0:00:30]} 24. Rxa4 {[%emt 0:00:30]} Nd6 {[%emt 0:00:30]} 25. Rc1 {[%emt 0:16:59]} Qe8 {[%emt 0:07:21]} 26. Qa2 {[%emt 0:00:35]} Bxd5 {[%emt 0:07:52]} 27. Rxa5 {[%emt 0:00:30]} Rxa5 {[%emt 0:00:30]} 28. Qxa5 {[%emt 0:00:30]} Qc6 {[%emt 0:00:30]} 29. c5 {[%emt 0:00:30]} Bxg2 {[%emt 0:00:30]} 30. cxd6 {[%emt 0:00:30]} Qxc1+ {[%emt 0:03:20]} 31. Kxg2 {[%emt 0:14:13]} Qc6+ {[%emt 0:01:45]} 32. Nf3 {[%emt 0:01:20]} Qxd6 {[%emt 0:00:30]} 33. Nxe5 {[%emt 0:00:30]} Rb8 {[%emt 0:00:30]} 34. e4 {[%emt 0:00:30]} f6 {[%emt 0:00:30]} 35. Nc4 {[%emt 0:00:30]} Qe6 {[%emt 0:00:30]} 36. Qd5 {[%emt 0:00:30]} Re8 {[%emt 0:00:30]} 37. Kf3 {[%emt 0:00:30]} Qxd5 {[%emt 0:00:30]} 38. exd5 {[%emt 0:00:30]} Re1 {[%emt 0:00:30]} 39. Bd4 {[%emt 0:00:30]} b3 {[%emt 0:00:30]} 40. Nd2 {[%emt 0:00:30]} Rh1 {[%emt 0:00:30]} 41. Nxb3 {[%emt 0:30:30]} Rxh2 {[%emt 0:30:30]} 42. Be3 {[%emt 0:00:30]} Rh4 {[%emt 0:00:30]} 43. d6 {[%emt 0:00:30]} Kf7 {[%emt 0:00:30]} 44. Nc5 {[%emt 0:00:30]} Rc4 {[%emt 0:00:30]} 45. Ke2 {[%emt 0:00:30]} Rc2+ {[%emt 0:00:30]} 46. Kd3 {[%emt 0:00:30]} Ra2 {[%emt 0:00:30]} 47. Kc4 {[%emt 0:00:00]} h5 {[%emt 0:00:00]} 48. Kd5 {[%emt 0:00:00]} h4 {[%emt 0:00:00]} 49. d7 Ke7 {[%emt 0:00:00]} 50. Bf4 {[%emt 0:00:00]} Ra8 {[%emt 0:00:00]} 51. Bd6+ {[%emt 0:00:00]} Kf7 {[%emt 0:00:00]} 52. Nb7 {[%emt 0:00:00]} g5 {[%emt 0:00:00]} 53. d8=Q {[%emt 0:00:00]} Rxd8 {[%emt 0:00:00]} 54. Nxd8+ {[%emt 0:00:00]} Kg6 {[%emt 0:00:00]} 55. Ke4 {[%emt 0:00:00]} f5+ {[%emt 0:00:00]} 56. Kf3 {[%emt 0:00:00]} Kf6 {[%emt 0:00:00]} 57. Bh2 {[%emt 0:00:00]} Kg6 {[%emt 0:00:00]} 58. Ne6 {[%emt 0:00:00]} Kf6 {[%emt 0:00:00]} 59. Nxg5 {[%emt 0:00:00]} 1-0

[Event "POL-chT DMP Ekstraliga 2019"]
[Site "Katowice"]
[Date "2019.08.29"]
[Round "2.6"]
[White "Antolak, Julia"]
[Black "Majdan, Joanna"]
[Result "1/2-1/2"]
[WhiteElo "2240"]
[BlackElo "2368"]
[Annotator "NA"]
[PlyCount "122"]
[EventDate "2019.08.28"]
[EventType "team-tourn"]
[EventCountry "POL"]
[SourceTitle "playchess.com"]
[Source "ChessBase"]
[SourceQuality "1"]
[TimeControl "40/5400+30:1800+30"]

1. e4 g6 2. d4 {[%emt 0:00:00]} Bg7 {[%emt 0:00:00]} 3. Nc3 {[%emt 0:00:46]} d6 {[%emt 0:00:46]} 4. Be3 {[%emt 0:00:36]} c6 {[%emt 0:00:44]} 5. Qd2 {[%emt 0:02:41]} Nd7 {[%emt 0:01:26]} 6. h4 h5 {[%emt 0:00:48]} 7. f3 {[%emt 0:00:59]} b5 {[%emt 0:01:23]} 8. Nh3 Nb6 9. Bd3 {[%emt 0:07:34]} Rb8 {[%emt 0:03:59]} 10. Ne2 {[%emt 0:03:53]} Nc4 {[%emt 0:06:06]} 11. Bxc4 {[%emt 0:17:33]} bxc4 {[%emt 0:04:02]} 12. O-O-O {[%emt 0:01:46]} Qb6 {[%emt 0:00:22]} 13. c3 {[%emt 0:01:54]} Qa5 {[%emt 0:00:53]} 14. Kb1 Nf6 15. Ng5 {[%emt 0:16:12]} Nd7 {[%emt 0:05:04]} 16. Rc1 {[%emt 0:07:35]} Nb6 {[%emt 0:02:23]} 17. Rc2 {[%emt 0:02:41]} Na4 {[%emt 0:01:57]} 18. Qe1 {[%emt 0:10:42]} Bd7 {[%emt 0:12:19]} 19. Bc1 {[%emt 0:01:32]} c5 {[%emt 0:06:23]} 20. Qd2 {[%emt 0:02:09]} cxd4 {[%emt 0:08:56]} 21. cxd4 {[%emt 0:03:07]} Qb6 {[%emt 0:02:21]} 22. Rxc4 {[%emt 0:03:12]} Bb5 {[%emt 0:00:29]} 23. Rc2 {[%emt 0:02:07]} Bxe2 {[%emt 0:06:58]} 24. Qxe2 {[%emt 0:00:04]} Qxd4 {[%emt 0:00:25]} 25. Ka1 {[%emt 0:06:35]} Qb4 {[%emt 0:07:25]} 26. f4 {[%emt 0:03:17]} O-O {[%emt 0:01:55]} 27. Rh3 {[%emt 0:00:48]} Rbc8 {[%emt 0:02:27]} 28. Rb3 {[%emt 0:01:16]} Rxc2 {[%emt 0:05:24]} 29. Qxc2 {[%emt 0:00:04]} Qe1 {[%emt 0:00:39]} 30. Nf3 Qf1 {[%emt 0:00:51]} 31. e5 {[%emt 0:01:54]} dxe5 {[%emt 0:06:45]} 32. fxe5 {[%emt 0:02:25]} Nb6 {[%emt 0:03:17]} 33. Kb1 {[%emt 0:01:30]} Rd8 34. e6 f5 {[%emt 0:02:39]} 35. Ng5 {[%emt 0:01:05]} Rc8 {[%emt 0:01:52]} 36. Qd2 {[%emt 0:00:05]} Nc4 {[%emt 0:00:37]} 37. Qf4 {[%emt 0:00:17]} Qd1 {[%emt 0:01:41]} 38. Rb8 {[%emt 0:01:08]} Na3+ {[%emt 0:02:05]} 39. Ka1 {[%emt 0:01:24]} Nc2+ {[%emt 0:02:05]} 40. Kb1 {[%emt 0:00:00]} Na3+ 41. Ka1 {[%emt 0:02:20]} Qxc1+ {[%emt 0:03:58]} 42. Qxc1 {[%emt 0:00:22]} Rxb8 {[%emt 0:00:02]} 43. Nh3 {[%emt 0:04:25]} Bxb2+ {[%emt 0:05:22]} 44. Qxb2 {[%emt 0:00:08]} Rxb2 {[%emt 0:00:01]} 45. Kxb2 {[%emt 0:00:07]} Nb5 {[%emt 0:00:08]} 46. Nf4 {[%emt 0:02:09]} Kg7 47. Nd5 {[%emt 0:08:00]} Nd4 {[%emt 0:00:16]} 48. Nxe7 {[%emt 0:00:50]} Nxe6 {[%emt 0:00:07]} 49. Nc6 {[%emt 0:04:26]} Nf4 {[%emt 0:02:53]} 50. g3 {[%emt 0:01:02]} Ne2 {[%emt 0:00:11]} 51. Nxa7 {[%emt 0:00:04]} Nxg3 {[%emt 0:00:03]} 52. Nc6 {[%emt 0:00:49]} Kf6 {[%emt 0:01:48]} 53. a4 {[%emt 0:01:22]} Ke6 {[%emt 0:05:14]} 54. Kc2 {[%emt 0:01:36]} Ne2 {[%emt 0:03:07]} 55. a5 {[%emt 0:04:13]} Kd6 {[%emt 0:00:24]} 56. Nd8 {[%emt 0:00:11]} Nd4+ {[%emt 0:02:18]} 57. Kc3 {[%emt 0:03:20]} Nb5+ {[%emt 0:02:22]} 58. Kc4 {[%emt 0:00:24]} Nc7 {[%emt 0:01:00]} 59. Kd4 {[%emt 0:01:09]} Nb5+ {[%emt 0:00:27]} 60. Kc4 {[%emt 0:00:19]} Nc7 {[%emt 0:00:03]} 61. Kd4 Nd5 {Kc3} 1/2-1/2